000 00915cam a22002651 4500
001 sa 68004628
003 DLC
005 20260227112502.0
008 711028s1967 pk b 00010 eng
010 _asa 68004628 //r87
025 _aPL480:P-E-1359
043 _aa-pk---
050 0 _aHJ2154.5
_b.M6
082 _a354.549/00722
100 1 0 _aMoquit, A.,
_ecomp.
245 0 0 _aBudgeting for national development;
_ba study of financial administration in Pakistan.
_cEdited by A. Moquit.
260 0 _aLahore,
_bNational Institute of Public Administration
_c[1967]
300 _axii, v, 581 p.
_c24 cm.
350 _aRs21
500 _a"Originally based on the course on budget preparation organised by NIPA."
504 _aBibliography: p. 551-581.
650 0 _aBudget
_zPakistan.
650 0 _aFinance, Public
_zPakistan
_xAccounting.
710 2 0 _aNational Institute of Public Administration (Pakistan)
999 _c80239
_d80239